MARC details
| 000 -LEADER |
| fixed length control field |
02244nam a2200637 i 4500 |
| 001 - CONTROL NUMBER |
| control field |
9914000385505606 |
| 003 - CONTROL NUMBER IDENTIFIER |
| control field |
NyNyJPI |
| 005 - DATE AND TIME OF LATEST TRANSACTION |
| control field |
20260413143633.0 |
| 008 - FIXED-LENGTH DATA ELEMENTS--GENERAL INFORMATION |
| fixed length control field |
240412s2024 xxuao |001 0 eng c |
| 009 - PHYSICAL DESCRIPTION FIXED-FIELD FOR ARCHIVAL COLLECTION (VM) [OBSOLETE] |
| fixed length control field |
b1000003570665 |
| 015 ## - NATIONAL BIBLIOGRAPHY NUMBER |
| National bibliography number |
PZ 2024 |
| 020 ## - INTERNATIONAL STANDARD BOOK NUMBER |
| International Standard Book Number |
9781032343723 |
| Qualifying information |
(oprawa twarda) |
| 020 ## - INTERNATIONAL STANDARD BOOK NUMBER |
| International Standard Book Number |
9781032343730 |
| Qualifying information |
(oprawa miękka) |
| 020 ## - INTERNATIONAL STANDARD BOOK NUMBER |
| Canceled/invalid ISBN |
9781003321927 |
| Qualifying information |
(e-book) |
| 035 ## - SYSTEM CONTROL NUMBER |
| System control number |
(PL)b1000003570665 |
| 040 ## - CATALOGING SOURCE |
| Original cataloging agency |
LUBL KUL |
| Transcribing agency |
LUBL KUL |
| Modifying agency |
LUBL KUL |
| -- |
WA N |
| -- |
KR U |
| 044 ## - COUNTRY OF PUBLISHING/PRODUCING ENTITY CODE |
| MARC country code |
xxu |
| -- |
xxk |
| 045 2# - TIME PERIOD OF CONTENT |
| Formatted 9999 B.C. through C.E. time period |
d1608 |
| -- |
d2020 |
| 046 ## - SPECIAL CODED DATES |
| Beginning or single date created |
2023 |
| Single or starting date for aggregated content |
1608 |
| Ending date for aggregated content |
2020 |
| 080 ## - UNIVERSAL DECIMAL CLASSIFICATION NUMBER |
| Field link and sequence number |
1.1\x |
| Universal Decimal Classification number |
94(73) |
| 080 ## - UNIVERSAL DECIMAL CLASSIFICATION NUMBER |
| Field link and sequence number |
1.2\x |
| Universal Decimal Classification number |
323.15(=162.1) |
| 080 ## - UNIVERSAL DECIMAL CLASSIFICATION NUMBER |
| Field link and sequence number |
1.3\x |
| Universal Decimal Classification number |
(0.054) |
| 084 ## - OTHER CLASSIFICATION NUMBER |
| Classification number |
01 |
| 245 00 - TITLE STATEMENT |
| Title |
Polish American voices : |
| Remainder of title |
a documentary history, 1608–2020 / |
| Statement of responsibility, etc. |
edited by Anna D. Jaroszyńska-Kirchmann, James S. Pula. |
| 260 ## - PUBLICATION, DISTRIBUTION, ETC. |
| Place of publication, distribution, etc. |
New York, NY ; |
| -- |
Abingdon, Oxon : |
| Name of publisher, distributor, etc. |
Routledge, |
| Date of publication, distribution, etc. |
2024. |
| 300 ## - PHYSICAL DESCRIPTION |
| Extent |
XIX, [1], 512 stron : |
| Other physical details |
fotografie, ilustracje ; |
| Dimensions |
24 cm. |
| 336 ## - CONTENT TYPE |
| Content type term |
Tekst |
| Content type code |
txt |
| Source |
rdacontent |
| 337 ## - MEDIA TYPE |
| Media type term |
Bez urządzenia pośredniczącego |
| Media type code |
n |
| Source |
rdamedia |
| 338 ## - CARRIER TYPE |
| Carrier type term |
Wolumin |
| Carrier type code |
nc |
| Source |
rdacarrier |
| 380 ## - FORM OF WORK |
| Form of work |
Książki |
| 380 ## - FORM OF WORK |
| Form of work |
Literatura faktu, eseje, publicystyka |
| 380 ## - FORM OF WORK |
| Form of work |
Publikacje naukowe |
| 388 1# - TIME PERIOD OF CREATION |
| Time period of creation term |
2001- |
| 490 1# - SERIES STATEMENT |
| Series statement |
Routledge Advances in American History ; |
| Volume/sequential designation |
vol. 25 |
| 500 ## - GENERAL NOTE |
| General note |
W obrębie wydania nakłady w oprawie twardej lub miękkiej. W obrębie wydania nakłady z różnymi numerami ISBN. |
| 504 ## - BIBLIOGRAPHY, ETC. NOTE |
| Bibliography, etc. note |
Bibliografia na stronach 493-500. Indeks. |
| 648 #7 - SUBJECT ADDED ENTRY--CHRONOLOGICAL TERM |
| Chronological term |
1601-1700 |
| Source of heading or term |
DBN |
| 648 #7 - SUBJECT ADDED ENTRY--CHRONOLOGICAL TERM |
| Chronological term |
1701-1800 |
| Source of heading or term |
DBN |
| 648 #7 - SUBJECT ADDED ENTRY--CHRONOLOGICAL TERM |
| Chronological term |
1801-1900 |
| Source of heading or term |
DBN |
| 648 #7 - SUBJECT ADDED ENTRY--CHRONOLOGICAL TERM |
| Chronological term |
1901-2000 |
| Source of heading or term |
DBN |
| 648 #7 - SUBJECT ADDED ENTRY--CHRONOLOGICAL TERM |
| Chronological term |
2001- |
| Source of heading or term |
DBN |
| 650 #7 - SUBJECT ADDED ENTRY--TOPICAL TERM |
| Topical term or geographic name entry element |
Migracje |
| Source of heading or term |
DBN |
| 650 #7 - SUBJECT ADDED ENTRY--TOPICAL TERM |
| Topical term or geographic name entry element |
Obyczaje i zwyczaje |
| Source of heading or term |
DBN |
| 650 #7 - SUBJECT ADDED ENTRY--TOPICAL TERM |
| Topical term or geographic name entry element |
Polacy za granicą |
| Source of heading or term |
DBN |
| 650 #7 - SUBJECT ADDED ENTRY--TOPICAL TERM |
| Topical term or geographic name entry element |
Stosunki etniczne |
| Source of heading or term |
DBN |
| 650 #7 - SUBJECT ADDED ENTRY--TOPICAL TERM |
| Topical term or geographic name entry element |
Tożsamość narodowa |
| Source of heading or term |
DBN |
| 651 #7 - SUBJECT ADDED ENTRY--GEOGRAPHIC NAME |
| Geographic name |
Stany Zjednoczone (USA) |
| Source of heading or term |
DBN |
| 655 #7 - INDEX TERM--GENRE/FORM |
| Genre/form data or focus term |
Opracowanie |
| Source of term |
DBN |
| 655 #7 - INDEX TERM--GENRE/FORM |
| Genre/form data or focus term |
Wydawnictwo źródłowe |
| Source of term |
DBN |
| 658 ## - INDEX TERM--CURRICULUM OBJECTIVE |
| Main curriculum objective |
Historia |
| 700 1# - ADDED ENTRY--PERSONAL NAME |
| Personal name |
Jaroszyńska-Kirchmann, Anna D. |
| Dates associated with a name |
(1960- ) |
| Relator term |
Redakcja |
| 700 1# - ADDED ENTRY--PERSONAL NAME |
| Personal name |
Pula, James S. |
| Dates associated with a name |
(1946- ) |
| Relator term |
Redakcja |
| 710 2# - ADDED ENTRY--CORPORATE NAME |
| Corporate name or jurisdiction name as entry element |
Routledge Taylor & Francis Group |
| Relator term |
Wydawca |
| Relationship |
pbl |
| 830 #0 - SERIES ADDED ENTRY--UNIFORM TITLE |
| Uniform title |
Routledge Advances in American History |
| Volume/sequential designation |
vol. 25 |
| 942 ## - ADDED ENTRY ELEMENTS (KOHA) |
| Source of classification or shelving scheme |
Other/Generic Classification Scheme |
| Koha item type |
Books |
| Suppress in OPAC |
No |